Most Republican and Democrat US States in the 2020 Election - Statistics

General Stats
  • This quiz has been taken 444 times
    361 since last reset
  • The average score is 8 of 10
Answer Stats
Answer % Correct
Democrat (Joe Biden) 63.48 California
92%
Republican (Donald Trump) 69.94% Wyoming
82%
Democrat (Joe Biden) 66.09% Vermont
78%
Democrat (Joe Biden) 65.6 Massachusetts
76%
Republican (Donald Trump) 65.37 Oklahoma
75%
Democrat (Joe Biden) 63.73 Hawaii
74%
Republican (Donald Trump) 65.11 North Dakota
74%
Republican (Donald Trump) 63.84 Idaho
73%
Republican (Donald Trump) 68.62 West Virginia
70%
Democrat (Joe Biden) 65.36 Maryland
68%
No matching quizzes found
Score Distribution
Percent of People with Each Score
Percentile by Number Answered
Your Score History
You have not taken this quiz since the last reset